Spisovatelia Ransome a Saint-Exupéry. : Odporúčajúca bibliografia. /

Uložené v:
Podrobná bibliografia
Ďalší autori: Tkáčová, Jana (Compiler)
Médium: Kniha
Jazyk:Slovak
Vydané: Košice : Knižnica pre mládež mesta Košice, 2000
Vydanie:1. vyd.
Edícia:Z praxe detskej knižnice Zv. 18.
Témy:
ISBN: 8096699970 (brož.)
Fyzický popis: 17 s.
Tagy: Pridať tag
Žiadne tagy, Buďte prvý kto otaguje tento záznam!

MARC

LEADER 00000nam a2200000 a 4500
001 000059607
003 SVKK
005 20010124000000.0
008 001219s2000 xo e sloo
020 |a 8096699970 (brož.) 
040 |a SVKKK  |b slo  |c SVKKK  |e AACR2 
041 0 |a slo 
044 |a xo  |c SK 
080 |a 016:820 Ransome, A.  |2 1997 
080 |a 016:840 Saint-Exupéry, A. de  |2 1997 
245 0 0 |a Spisovatelia Ransome a Saint-Exupéry. :  |b Odporúčajúca bibliografia. /  |c Zost. Jana Tkáčová 
250 |a 1. vyd. 
260 |a Košice :  |b Knižnica pre mládež mesta Košice,  |c 2000 
300 |a 17 s. 
440 0 |a Z praxe detskej knižnice  |v Zv. 18. 
653 0 |a Ransome, Arthur, 1884-1967  |2 SVKKKPH 
653 0 |a Saint-Exupéry, Antoine de, 1900-1944  |2 SVKKKPH 
653 0 |a bibliografie odporúčajúce  |2 SVKKKPH 
653 0 |a život a dielo  |2 SVKKKPH 
655 7 |a bibliografie  |2 SVKKKPH 
700 1 |a Tkáčová, Jana  |4 com 
910 |a svkkk 
919 |a 80-966999-7-0 
974 |a UH  |d 20010116 
974 |a MI  |d 20010108 
974 |a UH  |d 20010124 
998 |a BK 
090 |g SCKHL  |k Sklad Pribinova 2. posch.  |a III.187815  |j 936778  |i 2720132623  |s Absenčne 
090 |g SCKHL  |k Sklad Pribinova 2. posch.  |a III.187816  |j 936779  |i 2720132624  |s Absenčne